logo

Bir Sreshtho Munshi Abdur Rouf Library
Jhenaidah Cadet College

The character of prose / (Record no. 9544)

MARC details
000 -LEADER
fixed length control field 00595nam a2200229 a 4500
001 - CONTROL NUMBER
JCCL Control Number 9544
003 - CONTROL NUMBER IDENTIFIER
JCCL marc code BD-JhCC
005 - DATE AND TIME OF LATEST TRANSACTION
control field 20180319090206.0
008 - FIXED-LENGTH DATA ELEMENTS--GENERAL INFORMATION
fixed length control field 180319s1959 nyu 000 0 eng d
035 ## - SYSTEM CONTROL NUMBER
system control number (BD-JhCC)9544
040 ## - CATALOGING SOURCE
Original cataloging agency DLC
Transcribing agency DLC
Modifying agency DLC
-- BD-JhCC
041 ## - LANGUAGE CODE
Language code of Book eng
050 00 - LIBRARY OF CONGRESS CALL NUMBER
Classification number PE1122
Item number .P6
082 00 - DEWEY DECIMAL CLASSIFICATION NUMBER
Classification number 824.08
Author mark and Year DOU 1959
100 1# - MAIN ENTRY--PERSONAL NAME
Personal name Douglas, Wallace
245 10 - TITLE STATEMENT
Title The character of prose /
Statement of responsibility, etc Wallace Douglas
260 ## - PUBLICATION, DISTRIBUTION, ETC. (IMPRINT)
Place of publication, distribution, etc Boston :
Name of publisher, distributor, etc Houghton Mifflin Company,
Date of publication, distribution, etc 1959
300 ## - PHYSICAL DESCRIPTION
Pagination xv, 362 p. :
Dimensions 21 cm.
650 #0 - SUBJECT ADDED ENTRY--TOPICAL TERM
Topical term or geographic name as entry element American essays
650 #0 - SUBJECT ADDED ENTRY--TOPICAL TERM
Topical term or geographic name as entry element English essays
942 ## - ADDED ENTRY ELEMENTS (KOHA)
Source of classification or shelving scheme Dewey Decimal Classification
Koha item type Books
Holdings
Source of classification or shelving scheme Damaged status Not for loan Home library Current library Shelving location Date of accession Total Checkouts Full call number Barcode Date last seen Copy number Koha item type
Dewey Decimal Classification     JCC Rouf Library JCC Rouf Library General Stacks 03/19/2018   824.08 DOU 1959 12124 03/19/2018 C-1 Books

JCC Library | Contacts | JCC Home

Last Update on 23 September 2017
Copyright @ 2017-2020 JCC Rouf Library
Rouf Library, Jhenidah Cadet College (JCC), Bangladesh